Vlajky štátov Južnej Ameriky - Statistics

General Stats
  • This quiz has been taken 15 times
  • The average score is 8 of 12
Answer Stats
Picture Answer % Correct
Venezuela
90%
Argentína
80%
Brazília
80%
Čile
80%
Uruguaj
80%
Peru
70%
Kolumbia
60%
Surinam
60%
Ekvádor
50%
Guyana
50%
Paraguaj
50%
Bolívia
30%
No matching quizzes found
Score Distribution
Percent of People with Each Score
Percentile by Number Answered
Your Score History
You have not taken this quiz